[Event "EU-ch blitz"]
[Site "Katowice"]
[Date "2017.12.15"]
[Round "2"]
[White "Wilczek, Piotr"]
[Black "Alekseev, Evgeny V"]
[Result "0-1"]
[WhiteElo "1743"]
[BlackElo "2616"]
[PlyCount "72"]
[EventDate "2017.12.15"]
[EventType "swiss (blitz)"]
[EventRounds "22"]
[EventCountry "POL"]
[SourceTitle "CBM 182 Extra"]
[Source "ChessBase"]
[SourceDate "2018.02.23"]
[SourceVersion "1"]
[SourceVersionDate "2018.02.23"]
[SourceQuality "1"]

1. c4 c5 2. Nf3 Nc6 3. Nc3 g6 4. g3 Bg7 5. Bg2 d6 6. 0-0 e6 7. e3 Nge7 8. d4 0-0 9. a3 cxd4 10. exd4 d5 11. c5 Nf5 12. Be3 e5 13. Ne2 e4 14. Ne1 b6 15. b4 Ba6 16. Nc2 Bd3 17. Qd2 Qe7 18. Rfd1 Rfd8 19. g4 Nh4 20. Rac1 Qd7 21. h3 Re8 22. Ne1 Ba6 23. Bh1 h5 24. a4 Bc4 25. b5 Na5 26. c6 Qc8 27. Bg5 Nb3 28. Qe3 Nf3+ 29. Nxf3 exf3 30. Qf4 fxe2 31. Re1 Nxc1 32. Rxc1 e1Q+ 33. Rxe1 Rxe1+ 34. Kh2 hxg4 35. Bg2 gxh3 36. Bxh3 Rh1+ 0-1